Análisis de circuitos eléctricos / (Record no. 36001)

MARC details
000 -LEADER
campo de control de longitud fija 00704nam a2200205 i 4500
001 - NÚMERO DE CONTROL
campo de control 36001
003 - IDENTIFICADOR DE NÚMERO DE CONTROL
campo de control ES-MaACL
005 - FECHA Y HORA DE LA ÚLTIMA TRANSACCIÓN
campo de control 20230906155253.0
007 - CAMPO FIJO DE DESCRIPCIÓN FÍSICA--INFORMACIÓN GENERAL
campo de control de longitud fija t|
008 - DATOS DE LONGITUD FIJA--INFORMACIÓN GENERAL
campo de control de longitud fija 030214s1966 sp ||||1| spa d
100 1# - ENTRADA PRINCIPAL--NOMBRE DE PERSONA
Nombre de persona Brenner, Egon.
9 (RLIN) 31592
245 10 - MENCIÓN DEL TÍTULO
Título Análisis de circuitos eléctricos /
Mención de responsabilidad, etc. Egon Brenner, Mansour Javid ; traducido y revisado por Joaquín Olivé Martín, Mario Cavestany García.
260 ## - PUBLICACIÓN, DISTRIBUCIÓN, ETC.
Lugar de publicación, distribución, etc. Madrid :
Nombre del editor, distribuidor, etc. Castillo,
Fecha de publicación, distribución, etc. [1966]
300 ## - DESCRIPCIÓN FÍSICA
Extensión 715 p. :
Otras características físicas il. ;
Dimensiones 23 cm.
650 04 - PUNTO DE ACCESO ADICIONAL DE MATERIA--TÉRMINO DE MATERIA
Término de materia o nombre geográfico como elemento de entrada Circuitos eléctricos.
9 (RLIN) 11044
700 1# - ENTRADA AGREGADA--NOMBRE PERSONAL
Nombre de persona Javid, Mansour.
9 (RLIN) 66205
700 1# - ENTRADA AGREGADA--NOMBRE PERSONAL
Nombre de persona Olivé Martín, Joaquín.
9 (RLIN) 86788
700 1# - ENTRADA AGREGADA--NOMBRE PERSONAL
Nombre de persona Cavestany García, Mario.
9 (RLIN) 37195
852 ## - LOCALIZACIÓN
Ubicación ES-MaACL
Número de control de estantería C-30247
Sublocalización o colección R.60161
Holdings
Estatus retirado Estado de pérdida Estado de daño No para préstamo Biblioteca de origen Biblioteca actual Ubicación en estantería Fecha de adquisición Fuente de adquisición Total de préstamos Signatura topográfica completa Código de barras Visto por última vez Precio de reemplazo Tipo de ítem Koha
        Biblioteca del Ateneo de Madrid Biblioteca del Ateneo de Madrid Depósito 2 17/01/2008     C-30247 1037744 23/02/2023 23/02/2023 Libro impreso